|
|
|
|
| LEADER |
01369nam a2200349 a 4500 |
| 001 |
EBC991938 |
| 003 |
MiAaPQ |
| 005 |
20200520144314.0 |
| 006 |
m o d | |
| 007 |
cr cn||||||||| |
| 008 |
120813s2012 sz a sb 000 0 spa d |
| 020 |
|
|
|z 9789223262136
|
| 020 |
|
|
|z 9789223262143 (e-book)
|
| 035 |
|
|
|a (MiAaPQ)EBC991938
|
| 035 |
|
|
|a (Au-PeEL)EBL991938
|
| 035 |
|
|
|a (CaPaEBR)ebr10583459
|
| 035 |
|
|
|a (OCoLC)821875533
|
| 040 |
|
|
|a MiAaPQ
|c MiAaPQ
|d MiAaPQ
|
| 050 |
|
4 |
|a HD83
|b .P53 2012
|
| 245 |
0 |
0 |
|a Plantar cara al poder financiero
|h [electronic resource] :
|b Movilizar al 99% por ciento en defensa del progreso economico y social /
|c bajo la direccion de Nicolas Pons-Vignon y Phumzile Ncube.
|
| 260 |
|
|
|a Ginebra :
|b Oficina Internacional del Travajo,
|c 2012.
|
| 300 |
|
|
|a xix, 131 p. :
|b col. ill.
|
| 504 |
|
|
|a Includes bibliographical references.
|
| 533 |
|
|
|a Electronic reproduction. Ann Arbor, MI : ProQuest, 2015. Available via World Wide Web. Access may be limited to ProQuest affiliated libraries.
|
| 650 |
|
0 |
|a Economic development.
|
| 650 |
|
0 |
|a Community development.
|
| 650 |
|
0 |
|a Social planning.
|
| 655 |
|
4 |
|a Electronic books.
|
| 700 |
1 |
|
|a Pons-Vignon, Nicolas.
|
| 700 |
1 |
|
|a Ncube, Phumzile.
|
| 710 |
2 |
|
|a ProQuest (Firm)
|
| 856 |
4 |
0 |
|u https://ebookcentral.proquest.com/lib/matrademy/detail.action?docID=991938
|z Click to View
|